| 000 | 00605nam a22001697a 4500 | ||
|---|---|---|---|
| 003 | AUA.1 | ||
| 005 | 20251015092148.0 | ||
| 008 | 250702b |||||||| |||| 00| 0 eng d | ||
| 040 | _cJTL | ||
| 100 | _aMmamba, Aston Jackson | ||
| 245 |
_aA strategy to enhance chaplaincy service at Tanzania Adventist secondary school, North Tanzania union conference / _cAston Jackson Mmamba. |
||
| 260 | _cc2024. | ||
| 300 |
_axi,78 leaves : _bIllustrations : _c30cm. |
||
| 650 |
_aChaplains _928673 |
||
| 650 |
_aTanzania Adventist Secondary School _xChaplains |
||
| 942 |
_2aua _cPROJECT _hMChap _i.M53 2024 |
||
| 999 |
_c25146 _d25146 |
||